Normal view MARC view
  • Deshpande, Ashwini,

Entry Personal Name

Number of records used in: 4

001 - CONTROL NUMBER

  • control field: 3905

003 - CONTROL NUMBER IDENTIFIER

  • control field: NUST

005 - DATE AND TIME OF LATEST TRANSACTION

  • control field: 20170815104211.0

008 - FIXED-LENGTH DATA ELEMENTS

  • fixed length control field: 170815|| aca||aabn | a|a d

040 ## - CATALOGING SOURCE

  • Original cataloging agency: NUST
  • Transcribing agency: NUST

100 ## - HEADING--PERSONAL NAME

  • Personal name: Deshpande, Ashwini,
  • Dates associated with a name: 1965-

670 ## - SOURCE DATA FOUND

  • Source citation: Work cat.: (NUST)0: Conference on Development and Change (2nd : 2006 : Campos do Jordao, Brazil) 3901, Capital without borders :, 2010.
© 2023 Central Library, National University of Sciences and Technology. All Rights Reserved.